000 00894nam a2200301Ia 4500
001 25191
003 IT-RoPAU
008 130308s9999 xx 000 0 und d
040 _aIT-RoPAU
040 _cIT-RoPAU
041 _aITALIANO
100 _aSamuel Raphael
100 _gCodice Aut. SPICS: 12185
245 _aVillani di quarry (I)-La vita e il lavoro a Headington Quarry, 1860-1920. Un saggio di storia orale
245 _bStoria Orale-Vita Quotidiana e Cultura Materiale delle Classi Subalterne
250 _a1a ed.
260 _aTORINO
260 _bRosenberg & Sellier
260 _c1978 [1° Ed.:1978 - Ed.Ling.Originale:1975]
300 _a"50 p. (prefazione: no ; testo: 50 [pagine: 115-164])"
500 _aRedditi Secondari
650 _aEPISTEMOLOGIA
650 _eCodice materia Spics: 3051
942 _cBK
957 _71
999 _c38908
_d38908
999 _bSI
999 _g1